[Event "Lignano Bella Italia op 2nd"]
[Site "Lignano Sabbiadoro"]
[Date "2023.08.19"]
[Round "4"]
[White "Dias, Savin"]
[Black "Musso, Alessio"]
[Result "1-0"]
[WhiteElo "2074"]
[BlackElo "2176"]
[PlyCount "71"]
[EventDate "2023.08.17"]
[EventType "swiss"]
[EventRounds "9"]
[EventCountry "ITA"]
[SourceTitle "EXT 2024"]
[Source "ChessBase"]
[SourceDate "2023.10.10"]
[SourceVersion "1"]
[SourceVersionDate "2023.10.10"]
[SourceQuality "1"]

1. d4 d5 2. c4 e6 3. Nc3 Nf6 4. Bg5 Bb4 5. e3 0-0 6. Qc2 h6 7. Bh4 Nbd7 8. cxd5 exd5 9. Bd3 b6 10. Nge2 Bb7 11. f3 Re8 12. Bf2 c5 13. g4 cxd4 14. exd4 Ne4 15. fxe4 dxe4 16. Bc4 Bxc3+ 17. bxc3 e3 18. Rf1 exf2+ 19. Rxf2 Nf6 20. 0-0-0 Rc8 21. Bb3 Nxg4 22. Rxf7 Bd5 23. Qg6 Bxf7 24. Bxf7+ Kh8 25. Bxe8 Nf6 26. Bf7 Qf8 27. Bb3 Qe7 28. Qd3 Qc7 29. Qg3 Qe7 30. Nf4 Qa3+ 31. Kb1 Ne4 32. Ng6+ Kh7 33. Qd3 Nxc3+ 34. Ka1 Nd5 35. Nf8+ Kg8 36. Bxd5+ 1-0

[Event "BCF-chT 2223 (4NCL)"]
[Site "England"]
[Date "2022.10.22"]
[Round "1.6"]
[White "Dias, Savin"]
[Black "Haydon, David Leslie"]
[Result "0-1"]
[WhiteElo "2094"]
[BlackElo "2262"]
[PlyCount "72"]
[EventDate "2022.10.22"]
[EventType "team-swiss"]
[EventRounds "11"]
[EventCountry "ENG"]
[SourceTitle "CBM 210 Extra"]
[Source "ChessBase"]
[SourceDate "2022.11.30"]
[SourceVersion "1"]
[SourceVersionDate "2022.11.30"]
[SourceQuality "1"]
[WhiteTeam "Wood Green Youth"]
[BlackTeam "Wood Green"]
[WhiteTeamCountry "ENG"]
[BlackTeamCountry "ENG"]

1. e4 c6 2. d4 d5 3. Nc3 dxe4 4. Nxe4 Bf5 5. Ng3 Bg6 6. Nf3 Nd7 7. h4 h6 8. h5 Bh7 9. Bd3 Bxd3 10. Qxd3 e6 11. Bd2 Ngf6 12. 0-0-0 Qc7 13. Kb1 0-0-0 14. c4 Bd6 15. Ne4 Nxe4 16. Qxe4 Nf6 17. Qe2 c5 18. Bc3 Rhe8 19. dxc5 Qxc5 20. Nd4 Qe5 21. Qc2 Ne4 22. c5 Nxc3+ 23. Qxc3 Qxc5 24. Qf3 Qb6 25. Qxf7 Be5 26. Nb3 Bf6 27. f3 Kb8 28. Rc1 a5 29. Rc2 Re7 30. Qg6 a4 31. Nd2 Rc7 32. Rhc1 Rdc8 33. a3 Bxb2 34. Rxb2 Rxc1+ 35. Ka2 Qd4 36. Qxe6 R1c2 0-1

[Event "Berks & Bucks op"]
[Site "Maidenhead"]
[Date "2022.08.27"]
[Round "2"]
[White "Dias, Savin"]
[Black "Seymour, Timothy P"]
[Result "1-0"]
[WhiteElo "1898"]
[BlackElo "2082"]
[PlyCount "56"]
[EventDate "2022.08.27"]
[EventType "swiss"]
[EventRounds "6"]
[EventCountry "ENG"]
[SourceTitle "CBM 210 Extra"]
[Source "ChessBase"]
[SourceDate "2022.11.30"]
[SourceVersion "1"]
[SourceVersionDate "2022.11.30"]
[SourceQuality "1"]

1. e4 c6 2. d4 d5 3. Nc3 dxe4 4. Nxe4 Nf6 5. Nxf6+ exf6 6. c3 Bd6 7. Bd3 0-0 8. Qc2 Re8+ 9. Ne2 h5 10. Bd2 Nd7 11. 0-0-0 Nf8 12. Ng3 Be6 13. Kb1 g6 14. Ne4 Be7 15. f3 b5 16. Nf2 a5 17. Be4 Qd6 18. g4 h4 19. Nd3 Kg7 20. Bf4 Qd7 21. Qf2 g5 22. Be3 b4 23. f4 Bxa2+ 24. Kc1 bxc3 25. fxg5 Qe6 26. gxf6+ Bxf6 27. Nc5 Qc4 28. b3 Be7 1-0

[Event "Southend Easter op 64th"]
[Site "Southend"]
[Date "2022.04.16"]
[Round "3"]
[White "Dias, Savin"]
[Black "Varnam, Liam"]
[Result "1/2-1/2"]
[WhiteElo "1968"]
[BlackElo "2087"]
[PlyCount "79"]
[EventDate "2022.04.15"]
[EventType "swiss"]
[EventRounds "7"]
[EventCountry "ENG"]
[SourceTitle "CBM 207 Extra"]
[Source "ChessBase"]
[SourceDate "2022.05.31"]
[SourceVersion "1"]
[SourceVersionDate "2022.05.31"]
[SourceQuality "1"]

1. e4 e5 2. Nf3 Nc6 3. Bc4 Nf6 4. d3 Be7 5. 0-0 0-0 6. c3 d6 7. Re1 Na5 8. Bb5 a6 9. Ba4 b5 10. Bc2 c5 11. h3 Re8 12. Nbd2 Bf8 13. Nf1 g6 14. d4 cxd4 15. cxd4 exd4 16. Nxd4 Bg7 17. b3 d5 18. e5 Ne4 19. f4 f6 20. Nf3 Bb7 21. Bb2 fxe5 22. fxe5 Qb6+ 23. Bd4 Qe6 24. Ne3 Rad8 25. Nxd5 Bxd5 26. Bxe4 Nc6 27. Kh1 Nxd4 28. Qxd4 Bxb3 29. Qb2 Bc4 30. Bc2 Rd5 31. Bb3 Rd3 32. Bxc4 bxc4 33. Rac1 Qd5 34. Rc3 Rd8 35. Rxd3 cxd3 36. Qd2 Re8 37. Re3 Bxe5 38. Nxe5 Rxe5 39. Rxd3 Re1+ 40. Qxe1 1/2-1/2

[Event "Leamington Spa 4NCL op 26th"]
[Site "Leamington Spa"]
[Date "2021.09.11"]
[Round "2"]
[White "Dias, Savin"]
[Black "Zhu, Yao Yao"]
[Result "1/2-1/2"]
[WhiteElo "1988"]
[BlackElo "1886"]
[PlyCount "147"]
[EventDate "2021.09.10"]
[EventType "swiss"]
[EventRounds "5"]
[EventCountry "ENG"]
[SourceTitle "CBM 204 Extra"]
[Source "ChessBase"]
[SourceDate "2021.11.30"]
[SourceVersion "1"]
[SourceVersionDate "2021.11.30"]
[SourceQuality "1"]

1. d4 d5 2. c4 e6 3. Nc3 Be7 4. Bf4 Nf6 5. h3 c6 6. e3 0-0 7. Nf3 Nbd7 8. Bd3 dxc4 9. Bxc4 b5 10. Bd3 Bb7 11. 0-0 a6 12. Ne4 Nxe4 13. Bxe4 Nf6 14. Nd2 Qb6 15. Rc1 Rac8 16. Be5 Rfd8 17. Bxf6 Bxf6 18. Nb3 e5 19. Qh5 g6 20. Qf3 Kg7 21. dxe5 Bxe5 22. Rc2 f5 23. Nc5 fxe4 24. Ne6+ Kg8 25. Qxe4 Bf6 26. Nxd8 Rxd8 27. Qe6+ Kg7 28. Rcc1 Qc7 29. b3 Rd6 30. Qg4 Bc8 31. Qf3 c5 32. Rfd1 Bb7 33. Qg4 h5 34. Qf4 Rxd1+ 35. Rxd1 Qxf4 36. Rd7+ Kh6 37. exf4 Be4 38. Rd6 Bd4 39. Kf1 a5 40. g4 hxg4 41. hxg4 Kg7 42. Ke2 Bb1 43. a3 Bb2 44. Rb6 Bxa3 45. Rxb5 Bb4 46. Kd1 Be4 47. g5 Kf7 48. Rb6 Ke7 49. Kc1 Kd7 50. f3 Bf5 51. Kd1 Kc7 52. Rf6 Bc3 53. Rf7+ Kc6 54. Rf8 Bd4 55. Kd2 Be6 56. Ra8 Kb6 57. Rb8+ Kc6 58. Ra8 Kb6 59. Rb8+ Ka7 60. Rb5 Ka6 61. Rb8 c4 62. bxc4 Bxc4 63. Rc8 Kb5 64. Rb8+ Bb6 65. f5 gxf5 66. g6 a4 67. g7 a3 68. Rc8 Be6 69. Re8 Bc4 70. Rc8 Be6 71. Re8 Bc4 72. Rc8 Bd5 73. Kc2 Bd8 74. Rxd8 1/2-1/2

[Event "Sitges Sunway op 6th"]
[Site "Sitges"]
[Date "2019.12.15"]
[Round "3"]
[White "Dias, Savin"]
[Black "Han, Yichen"]
[Result "0-1"]
[WhiteElo "1921"]
[BlackElo "2257"]
[PlyCount "58"]
[EventDate "2019.12.13"]
[EventType "swiss"]
[EventRounds "10"]
[EventCountry "ESP"]
[SourceTitle "CBM 193 Extra"]
[Source "ChessBase"]
[SourceDate "2020.01.31"]
[SourceVersion "1"]
[SourceVersionDate "2020.01.31"]
[SourceQuality "1"]

1. e4 e5 2. Nf3 Nc6 3. Bc4 Nf6 4. d3 Be7 5. 0-0 0-0 6. Re1 d6 7. h3 Na5 8. Nc3 Nxc4 9. dxc4 b6 10. a4 a5 11. Qd3 c6 12. b3 Nd7 13. Ba3 Nc5 14. Bxc5 bxc5 15. Rad1 Qe8 16. g4 g6 17. Kh1 Kh8 18. Nh2 f5 19. f3 Be6 20. exf5 gxf5 21. f4 fxg4 22. fxe5 Bh4 23. Rf1 g3 24. Ng4 Bxg4 25. hxg4 Qxe5 26. Rde1 g2+ 27. Kxg2 Bxe1 28. Rh1 Rf7 29. Qe4 Qg3# 0-1

[Event "London Classic op 11th"]
[Site "London"]
[Date "2019.11.29"]
[Round "1"]
[White "Dias, Savin"]
[Black "Van Zyl Rudd, Jack"]
[Result "0-1"]
[WhiteElo "1916"]
[BlackElo "2290"]
[PlyCount "80"]
[EventDate "2019.11.29"]
[EventType "swiss"]
[EventRounds "9"]
[EventCountry "ENG"]
[SourceTitle "CBM 193 Extra"]
[Source "ChessBase"]
[SourceDate "2020.01.31"]
[SourceVersion "1"]
[SourceVersionDate "2020.01.31"]
[SourceQuality "1"]

1. e4 Nc6 2. d4 d5 3. e5 Bf5 4. Nf3 e6 5. Bd3 Nge7 6. Bg5 h6 7. Bxf5 hxg5 8. Bd3 g4 9. Nfd2 g3 10. fxg3 Nxd4 11. 0-0 Nef5 12. Bxf5 Nxf5 13. Qf3 Bc5+ 14. Kh1 Qg5 15. g4 Qh4 16. Qh3 Ne3 17. Qxh4 Rxh4 18. Rc1 Nxg4 19. Nf3 Rh5 20. h3 Nxe5 21. Nxe5 Rxe5 22. Nc3 d4 23. Nb5 0-0-0 24. Rd1 a6 25. Na3 Bxa3 26. bxa3 Re2 27. Rac1 Rd5 28. Rf1 f6 29. Rf3 Rc5 30. Rg3 g5 31. Rf3 Rcxc2 32. Rg1 f5 33. Rg3 Rxa2 34. Rxg5 d3 35. Rg8+ Kd7 36. Rd1 d2 37. Kh2 Re1 38. Rxd2+ Rxd2 39. h4 Re4 40. Kg3 Rd3+ 0-1

[Event "EU-chT U12"]
[Site "Pardubice"]
[Date "2019.07.11"]
[Round "1.2"]
[White "Dias, Savin"]
[Black "Costa, Leonardo"]
[Result "1-0"]
[WhiteElo "1840"]
[BlackElo "2002"]
[PlyCount "121"]
[EventDate "2019.07.11"]
[EventType "team-swiss"]
[EventRounds "7"]
[EventCountry "CZE"]
[SourceTitle "EXT 2020"]
[Source "ChessBase"]
[SourceDate "2019.10.17"]
[SourceVersion "1"]
[SourceVersionDate "2019.10.17"]
[SourceQuality "1"]
[WhiteTeam "England U12"]
[BlackTeam "Germany U12"]
[WhiteTeamCountry "ENG"]
[BlackTeamCountry "GER"]

1. e4 e5 2. Nf3 Nc6 3. Bc4 Bc5 4. c3 Nf6 5. d3 d6 6. 0-0 a6 7. Bb3 0-0 8. Nbd2 Ba7 9. h3 Be6 10. Bc2 Qc8 11. Nh2 d5 12. exd5 Bxd5 13. Ne4 Qf5 14. Nxf6+ Qxf6 15. Ng4 Qd6 16. Be3 f5 17. Nh2 Bxe3 18. fxe3 Kh8 19. e4 Be6 20. Nf3 fxe4 21. dxe4 Qc5+ 22. Kh2 Qe3 23. Qc1 Qxc1 24. Rfxc1 h6 25. b3 Rad8 26. Rd1 g5 27. Rxd8 Rxd8 28. Rd1 Rf8 29. Kg3 Kg7 30. h4 gxh4+ 31. Nxh4 Ne7 32. Bd3 Rf4 33. Nf3 Ng6 34. Nxe5 Rf6 35. Nxg6 Rxg6+ 36. Kf2 Rg4 37. Rd2 Kf6 38. Ke3 Ke5 39. Rf2 Rg3+ 40. Kd2 c5 41. Be2 b5 42. Bf3 Rg7 43. Ke3 Rd7 44. Rd2 Rxd2 45. Kxd2 b4 46. cxb4 cxb4 47. Ke3 a5 48. Bd1 Bf7 49. g3 Bg8 50. Be2 a4 51. Bd1 Bf7 52. bxa4 Bxa2 53. Kd3 Bb1+ 54. Kc4 Bxe4 55. Kxb4 Kd6 56. Be2 Bg2 57. a5 Be4 58. a6 Kc6 59. Kc4 Bg2 60. Kd4 Kd6 61. Bd3 1-0

[Event "BCF-chT4S 1819 (4NCL)"]
[Site "England"]
[Date "2019.01.12"]
[Round "3.122"]
[White "Dias, Savin"]
[Black "Tivillier, Jacques"]
[Result "0-1"]
[WhiteElo "1887"]
[BlackElo "1915"]
[PlyCount "160"]
[EventDate "2018.11.17"]
[EventType "team-swiss"]
[EventRounds "11"]
[EventCountry "ENG"]
[SourceTitle "EXT 2021"]
[Source "ChessBase"]
[SourceDate "2020.10.23"]
[SourceVersion "1"]
[SourceVersionDate "2020.10.23"]
[SourceQuality "1"]
[WhiteTeam "Wood Green Youth"]
[BlackTeam "Celtic Tigers II"]
[WhiteTeamCountry "ENG"]
[BlackTeamCountry "ENG"]

1. e4 c6 2. d4 d5 3. Nc3 dxe4 4. Nxe4 Bf5 5. Ng3 Bg6 6. Nf3 Nd7 7. h4 h6 8. h5 Bh7 9. Bd3 Bxd3 10. Qxd3 Ngf6 11. Bd2 e6 12. 0-0-0 Qc7 13. Rde1 0-0-0 14. Qe2 Nd5 15. Kb1 c5 16. c4 Nf4 17. Bxf4 Qxf4 18. Rh4 Qc7 19. Qc2 Be7 20. Rhh1 Rhe8 21. Ne4 Kb8 22. Rd1 cxd4 23. Nxd4 a6 24. f4 Nf6 25. Nxf6 Bxf6 26. Ne2 Rc8 27. b3 b5 28. Rc1 bxc4 29. Qxc4 Qa5 30. Qd3 Qa3 31. Rxc8+ Rxc8 32. Qd2 Rd8 33. Qc2 Rc8 34. Qd2 Qc5 35. Ng3 Rd8 36. Ne4 Rxd2 37. Nxc5 Rb2+ 38. Kc1 Rxa2 39. Rh2 Bd4 40. Nd7+ Kb7 41. Ne5 f6 42. Nf3 Be3+ 43. Kb1 Re2 44. g3 Rxh2 45. Nxh2 Bf2 46. Nf1 Kc6 47. Kc2 Kc5 48. Kd3 Kb4 49. Kc2 e5 50. fxe5 fxe5 51. Nd2 Bxg3 52. Ne4 Bh2 53. Nd2 Kc5 54. Kd3 Kd5 55. Ne4 Bg1 56. Ng3 Bb6 57. Ne4 Ke6 58. Ng3 Bd4 59. Ke4 Kf6 60. Nf5 Bc3 61. Ne3 Kg5 62. Nf5 Kxh5 63. Nxg7+ Kg4 64. Nf5 h5 65. Ne3+ Kg5 66. Kf3 Bd4 67. Ng2 h4 68. Ne1 Kf5 69. Kg2 Kg4 70. Nc2 Bb6 71. Nb4 a5 72. Nd5 Ba7 73. Ne7 e4 74. Nc6 h3+ 75. Kh2 e3 76. Ne5+ Kf4 77. Nd3+ Ke4 78. Ne1 e2 79. Kg3 h2 80. Kxh2 Bf2 0-1

[Event "London Classic op 10th"]
[Site "London"]
[Date "2018.12.14"]
[Round "6"]
[White "Dias, Savin"]
[Black "Seymour, Timothy P"]
[Result "0-1"]
[WhiteElo "1903"]
[BlackElo "2080"]
[PlyCount "56"]
[EventDate "2018.12.09"]
[EventType "swiss"]
[EventRounds "9"]
[EventCountry "ENG"]
[SourceTitle "CBM 187 Extra"]
[Source "ChessBase"]
[SourceDate "2018.11.04"]
[SourceVersion "1"]
[SourceVersionDate "2018.11.04"]
[SourceQuality "1"]

1. e4 e5 2. Nf3 Nc6 3. Bc4 Bc5 4. c3 Nf6 5. d3 0-0 6. 0-0 d5 7. exd5 Nxd5 8. Re1 Bg4 9. Nbd2 Nb6 10. Ne4 Nxc4 11. Nxc5 Nd6 12. h3 Bh5 13. Be3 b6 14. Ne4 f5 15. Bg5 Qd7 16. Ng3 Bxf3 17. Qxf3 f4 18. Qd5+ Kh8 19. Ne4 h6 20. Bh4 g5 21. Nxg5 hxg5 22. Bxg5 Rae8 23. h4 Rf5 24. Qf3 Nf7 25. Qh5+ Kg7 26. g4 Rxg5 27. hxg5 Rh8 28. Kh2 Qxg4 0-1